Scotland launches renewal vision (Record no. 70665)

MARC details
000 -LEADER
fixed length control field 01053cam a2200217 4500
001 - CONTROL NUMBER
control field WB3824-24
008 - FIXED-LENGTH DATA ELEMENTS--GENERAL INFORMATION
fixed length control field 020703n2002 000 0 eng u
035 ## - SYSTEM CONTROL NUMBER
System control number (Sirsi) u118662
245 ## - TITLE STATEMENT
Title Scotland launches renewal vision
260 ## - PUBLICATION, DISTRIBUTION, ETC.
Date of publication, distribution, etc. 2002
490 ## - SERIES STATEMENT
Series statement Scottish Executive Press Release
Volume/sequential designation 25 June 2002, (3)
520 ## - SUMMARY, ETC.
Summary, etc. The Scottish Executive has published a community regeneration statement which maps out its vision for tackling Scotland's deprived communities. "Better communities in Scotland: closing the gap" has similarities to England's neighbourhood renewal strategy and emphasises that regeneration should be achieved by improving core public services and involving local communities. Statement available at http://www.scotland.gov.uk/library5/social/bcis-00.asp http://www.scotland.gov.uk/pages/news/2002/06/SESJ034.aspx
590 ## - LOCAL NOTE (RLIN)
Local note WB
650 ## - SUBJECT ADDED ENTRY--TOPICAL TERM
Topical term or geographic name entry element SCOTLAND
650 ## - SUBJECT ADDED ENTRY--TOPICAL TERM
Topical term or geographic name entry element NEIGHBOURHOOD RENEWAL
650 ## - SUBJECT ADDED ENTRY--TOPICAL TERM
Topical term or geographic name entry element SCOTTISH EXECUTIVE
650 ## - SUBJECT ADDED ENTRY--TOPICAL TERM
Topical term or geographic name entry element DEPRIVED AREAS
650 ## - SUBJECT ADDED ENTRY--TOPICAL TERM
Topical term or geographic name entry element REGENERATION
690 ## - LOCAL SUBJECT ADDED ENTRY--TOPICAL TERM (OCLC, RLIN)
Topical term or geographic name as entry element REGENERATION
942 ## - ADDED ENTRY ELEMENTS (KOHA)
Suppress in OPAC 0
Holdings
Withdrawn status Lost status Source of classification or shelving scheme Damaged status Not for loan Home library Current library Shelving location Date acquired Total Checkouts Full call number Barcode Date last seen Copy number Price effective from Koha item type
    Dewey Decimal Classification     London London News article 03/07/2002   WB3824-24 118662-1001 06/08/2019 1 06/08/2019 News article